000 00290nam a22001337a 4500
008 170622b xxu||||| |||| 00| 0 eng d
020 _a9780312003128
041 _aeng
080 _a94
100 _a16
101 _aSHH
245 _aRACISM AND SEXISM
_cROTHENBERG,P.S
942 _2udc
_cBK
999 _c18579
_d18579